Dodávky zemného plynu v SR a vybranej krajine EÚ diplomová práca

Salvato in:
Dettagli Bibliografici
Autore principale: Melicherová, Eva
Ente Autore: Národohospodárska fakulta EU. Katedra financií
Altri autori: Bašová, Alena, 1961-
Natura: Libro
Lingua:slovacco
Pubblicazione: Bratislava 2016
Tags: Aggiungi Tag
Nessun Tag, puoi essere il primo ad aggiungerne!!

MARC

LEADER 00000nbm a2200000 4500
001 0217821
005 20170104131610.0
041 0 |a slo 
044 |a SK 
245 1 0 |a Dodávky zemného plynu v SR a vybranej krajine EÚ  |b diplomová práca  |c Eva Melicherová ; školiteľ: Alena Bašová 
264 1 |a Bratislava  |c 2016 
300 |a 59 s. 
100 1 |a Melicherová, Eva 
700 1 |a Bašová, Alena, 1961- 
710 2 |a Národohospodárska fakulta EU. Katedra financií